Nová příručka myslivce do kapsy

Bibliographic Details
Main Authors: Hell, Pavel, 1930-2009 (Author), Hromas, Josef, 1935-2012 (Author, Translator)
Format: Book
Language:Czech
Slovak
PhysicalDescription:280 s.[16] s. fareb. fot. príl. fareb. fotogr., ilustr., tab. 19 cm
Published: Bratislava Príroda 2004
ISBN:8007013032
Edition:2. aktual. vyd.
Subjects:

MARC

LEADER 00000nam a2200000 a 4500
001 vtls001484287
003 SK-MaSNL
005 20260310190112.0
008 251031s2004 xo oa g bf 00000 cze
015 |a SNBA2004/12-06543 
020 |a 8007013032  |q (brož.) 
035 |a SNK000439581 
040 |a SNK  |b slo  |c SNK  |e AACR2 
041 1 |a cze  |h slo 
044 |a xo  |c SK 
072 7 |a 639.1  |x Poľovníctvo  |2 konspekt 
080 |a 639.1  |2 MDT-MRF 
080 |a 342.537.3/.5  |2 MDT-MRF 
080 |a 59  |2 MDT-MRF 
080 |a 639.1.081  |2 MDT-MRF 
080 |a 639.1.04  |2 MDT-MRF 
080 |a (035)  |2 MDT-MRF 
100 1 |a Hell, Pavel,  |d 1930-2009  |4 aut  |9 125123 
240 1 0 |a Nová príručka poľovníka do vrecka  |l Česky 
245 1 0 |a Nová příručka myslivce do kapsy  |c Pavel Hell, Josef Hromas ; [cze slovenštiny přeložil a na české poměry upravil Josef Hromas] 
250 |a 2. aktual. vyd. 
260 |a Bratislava  |b Príroda  |c 2004 
300 |a 280 s.[16] s. fareb. fot. príl.  |b fareb. fotogr., ilustr., tab.  |c 19 cm 
500 |a Fotogr. na tit. strane, kalendár na predsádkach 
500 |a Autor peroviek: Pavel Pavlenda 
504 |a Bibliogr. s. 280 
650 0 7 |a poľovníctvo  |2 SNKPH  |9 2774 
650 0 7 |a zákonodarstvo  |2 SNKPH  |9 1153 
650 0 7 |a zoológia  |2 SNKPH  |9 699 
650 0 7 |a lov zveri  |2 SNKPH  |9 2772 
650 0 7 |a chov zveri  |2 SNKPH  |9 2769 
655 7 |a príručky  |2 SNKPH  |9 74364 
700 1 |a Hromas, Josef,  |d 1935-2012  |4 aut  |4 prk  |9 216988 
919 |a 80-07-01303-2 
968 |a Čes  |b SLO  |d 63 
999 |c 1075729  |d 1077659 
952 |t P60, <03>, [BOOK], {603}, -K-  |a SNK  |b SNK  |y PREZ  |7 0  |p 17A0449652  |o snkSD 74286  |i snkKSP 13932/2004  |0 0  |1 0  |4 0  |d 2004-10-28  |l 0  |r 2025-11-21 00:00:00  |w 2026-02-24 
952 |t P60, <04>, [BOOK], {604}  |a SNK  |b SNK  |y VYP  |7 0  |p 17A0449653  |o snkSD 74286 D1  |i snkKSP 13933/2004  |0 0  |1 0  |4 0  |d 2004-10-28  |l 0  |r 2005-01-02 00:00:00  |w 2026-02-24